Violence in the Hebrew Bible : Between Text and Reception /

In Violence in the Hebrew Bible scholars reflect on texts of violence in the Hebrew Bible, as well as their often problematic reception history. Authoritative texts and traditions can be rewritten and adapted to new circumstances and insights. Texts are subject to a process of change. The study of t...

وصف كامل

محفوظ في:

مؤلفون آخرون: Ruiten, Jacques van (المحرر), Bekkum, Koert van (المحرر)

التنسيق: كتاب الكتروني

اللغة: English

منشور في: Leiden; Boston : BRILL, 2020.

سلاسل: Oudtestamentische Studiën, Old Testament Studies ; 79.
Biblical Studies, Ancient Near East and Early Christianity E-Books Online, Collection 2020, ISBN: 9789004407367.

الموضوعات:

الوصول للمادة أونلاين: Login to view Source

الوسوم: إضافة وسم

لا توجد وسوم, كن أول من يضع وسما على هذه التسجيلة!

رقم الطلب: BS1199.V56

LEADER 02723nam a22004691i 4500
001 BRILL9789004434684
003 nllekb
005 20210602095157.0
006 m d
007 cr un uuuua
008 200527s2020 ne sb 001 0 eng d
020 |a 9789004434684  |q (electronic book) 
020 |a 9789004434677  |q (print) 
024 7 |a 10.1163/9789004434684  |2 DOI 
035 |z (OCoLC)1153336460 
040 |a NL-LeKB  |c NL-LeKB  |e rda 
050 4 |a BS1199.V56 
072 7 |a HRC  |2 bicssc 
072 7 |a REL  |x 070000  |2 bisacsh 
082 0 4 |a 221.8/3036  |2 23 
245 0 0 |a Violence in the Hebrew Bible :  |b Between Text and Reception /  |c edited by Jacques van Ruiten, Koert van Bekkum. 
246 3 |a Between Text and Reception 
264 1 |a Leiden;   |a Boston :   |b BRILL,   |c 2020. 
300 |a 1 online resource. 
336 |a text  |b txt  |2 rdacontent 
337 |a computer  |b c  |2 rdamedia 
338 |a online resource  |2 rdacarrier 
490 1 |a Oudtestamentische Studiën, Old Testament Studies ;  |v 79 
490 1 |a Biblical Studies, Ancient Near East and Early Christianity E-Books Online, Collection 2020, ISBN: 9789004407367 
520 |a In Violence in the Hebrew Bible scholars reflect on texts of violence in the Hebrew Bible, as well as their often problematic reception history. Authoritative texts and traditions can be rewritten and adapted to new circumstances and insights. Texts are subject to a process of change. The study of the ways in which these (authoritative) biblical texts are produced and/or received in various socio-historical circumstances discloses a range of theological and ideological perspectives. In reflecting on these issues, the central question is how to allow for a given text's plurality of possible and realised meanings while also retaining the ability to form critical judgments regarding biblical exegesis. This volume highlight that violence in particular is a fruitful area to explore this tension. 
588 |a Description based on print version record. 
650 0 |a Violence in the Bible. 
650 0 |a Violence  |x Biblical teaching. 
700 1 |a Ruiten, Jacques van,  |e editor. 
700 1 |a Bekkum, Koert van,  |e editor. 
776 0 8 |i Print version:  |t Violence in the Hebrew Bible: Between Text and Reception,   |d Leiden Boston : BRILL, 2020  |w 9789004434677 
830 0 |a Oudtestamentische Studiën, Old Testament Studies ;  |v 79. 
830 0 |a Biblical Studies, Ancient Near East and Early Christianity E-Books Online, Collection 2020, ISBN: 9789004407367. 
856 4 |z DOI:   |u http://dx.doi.org/10.1163/9789004434684 
942 |c EBOOK 
952 |0 0  |1 0  |4 0  |7 1  |9 13139  |a BRILL  |b BRILL  |d 2021-06-02  |l 0  |r 2021-06-02 00:00:00  |w 2021-06-02  |y EBOOK 
999 |c 34592  |d 34592